| 000 | 01624pam a22003977a 4500 | ||
|---|---|---|---|
| 999 |
_c234935 _d234935 |
||
| 001 | 227021 | ||
| 003 | Nust | ||
| 005 | 20170403135956.0 | ||
| 008 | 990406s1999 enkabh b 001 0 eng d | ||
| 010 | _a 99193422 | ||
| 015 | _aGB99-15250 | ||
| 020 | _a0419222901 | ||
| 035 | _a(OCoLC)ocm40800925 | ||
| 040 |
_aUKM _cUKM _dUMC _dLVB _dDLC |
||
| 042 | _alccopycat | ||
| 050 | 0 | 0 | _b.W385 1999 |
| 082 | 0 | 4 |
_a333.91 WAT _221 |
| 245 | 0 | 0 |
_aWater resources : _bhealth, environment and development / _cEdited by Brian H. Kay. |
| 260 |
_aLondon : _bE & FN Spon, _c1999. |
||
| 300 |
_axvii, 250 p. : _bill., facsim, maps ; _c24 cm. |
||
| 500 | _aH.B | ||
| 504 | _aIncludes bibliographies and index. | ||
| 650 | 0 |
_aWater resources development _xHealth aspects _vCongresses. |
|
| 650 | 0 |
_aWater resources development _xEnvironmental aspects _vCongresses. |
|
| 650 | 0 |
_aVector control _vCongresses. |
|
| 650 | 0 |
_aWater-supply _xHealth aspects _vCongresses. |
|
| 650 | 0 |
_aWater-supply _xEnvironmental aspects _vCongresses. |
|
| 650 | 0 |
_aWater quality management _vCongresses. |
|
| 650 | 4 | _aWater quality management. | |
| 650 | 4 |
_aWater-supply _xManagement. |
|
| 650 | 4 | _aWater resources development. | |
| 650 | 6 |
_aRessources en eau _xExploitation _xAspect de l'environnement _xCongrès. |
|
| 700 | 1 | _aKay, Brian H. | |
| 856 | 4 | 2 |
_3Publisher description _uhttp://www.loc.gov/catdir/enhancements/fy0651/99193422-d.html |
| 906 |
_a7 _bcbc _ccopycat _d2 _eepcn _f19 _gy-gencatlg |
||
| 942 |
_2ddc _cBK _k333.91 WAT |
||